000 00711nam0a22002651 4500
001 RU\NLR\INFOCOMM10\ROSSICA\1000015531
005 20250613190528.0
035 _a(NLR Aleph) 009913226
090 _a10628499
_c10628499
100 _a20030731d1902 |||y0rusy50 ca
101 1 _aeng
102 _aRU
105 _ay ||||000ay
200 1 _aCommander Island
_fGrebnitzky (N.A.)
_gTranslated by Louise Wochleke
210 _aSt.Petersburg
_d1902
215 _d
700 1 _aGrebnitzky
_bN.A.
_4070
702 1 _aWochleke
_bL.
_gLouise
_4730
801 1 _aRU
_bInfoComm
_c20030731
801 0 _aRU
_bNLR
_gPSBO
852 _aNLR
_j14.46.7.193
942 _cBOOK
980 _aNB
980 _aRossica